000 00328nam a2200133Ia 4500
008 150301s2015 xx 000 0 und d
082 _a615.19
_bP13A
100 _aM. ZAFFER AHMAD
245 _aTEXTBOOK OF PHARMACEUTICAL DRUG ANALYSIS
260 _bCBS- DELHI
300 _a252
650 _aDRUG ANALYSIS
942 _2ddc
_cBK
_01
999 _c7076
_d7076